000 00974na a2200301 4500
001 19771
003 MIRAKIL
005 20181213154932.0
008 161227b tu 000 0
035 _a19771
040 _aMilas
_btur
_cTR-AnCHP
041 _atur
082 _aCHP 324.6
_bK44t 2010
090 _aBROŞÜR 142
100 _aKılıçdaroğlu, Kemal
_cCHP Genel Başkanı
245 _aTürkiye için hayır'lı olsun!
_cKemal Kılıçdaroğlu
_k[broşür]
246 _aTürkiye için hayırlı olsun
260 _aAnkara
_bCHP
_c2010
300 _abroşür
_brnkl. fotg.
_c21 sm.
440 _aCumhuriyet Halk Partisi yayınları
_pSeçim propagandası
500 _aBaşka yapıt adı: AKP'ye hayır! Oyum hayır!
600 _aKılıçdaroğlu, Kemal
_yReferandum, 2010
610 _aCHP
_xReferandum, 2010
651 _aTürkiye
_xSeçim sistemleri
_zReferandum, 2010
830 _aCHP broşürleri
942 _2dcc
_cBKS
999 _c3450
_d3450